00545nam a2200157Ia 4500003000400000005001700004008004100021040001800062041000800080082001500088100004200103245016100145260002100306600003000327650003000357OSt20260328110647.0211028s2010 xx 000 0 und d cAIMIT LIBRARY aeng a658.3 SHAM aShameer, Mohammad;Dhanajay K.g816027 aAnalyzing the market potential for job certification and training programs in Dakshina Kannada and Udupi Districts, offered by knowledge varsity Bangalore / bDhanajay Kc2010 aHuman Resource Management aHuman Resource Management